The Cold War / (Record no. 4055)

MARC details
000 -LEADER
fixed length control field 00973nam a22002177a 4500
001 - CONTROL NUMBER
control field 4055
003 - CONTROL NUMBER IDENTIFIER
control field FISKH
005 - DATE AND TIME OF LATEST TRANSACTION
control field 20240604104619.0
008 - FIXED-LENGTH DATA ELEMENTS--GENERAL INFORMATION
fixed length control field 240604b cb ||||| |||| 00| 0 eng d
020 ## - INTERNATIONAL STANDARD BOOK NUMBER
International Standard Book Number 9780233002866
040 ## - CATALOGING SOURCE
Original cataloging agency FISKH
Language of cataloging eng
Transcribing agency FISKH
Modifying agency FISKH
050 ## - LIBRARY OF CONGRESS CALL NUMBER
Classification number D843.F748
082 ## - DEWEY DECIMAL CLASSIFICATION NUMBER
Classification number 909.825
100 ## - MAIN ENTRY--PERSONAL NAME
Personal name Friedman, Norman
245 ## - TITLE STATEMENT
Title The Cold War /
Remainder of title from the descent of the iron curtain to the fall of the Berlin Wall and the collapse of communism in Europe
Statement of responsibility, etc. Norman Friedman
260 ## - PUBLICATION, DISTRIBUTION, ETC.
Place of publication, distribution, etc. London
Name of publisher, distributor, etc. Carlton,
Date of publication, distribution, etc. 2009
300 ## - PHYSICAL DESCRIPTION
Extent 61 pages :
Dimensions 29 cm.
500 ## - GENERAL NOTE
General note Numerous additional materials or "memorabilia" included; instructional simulated primary source documents such as newspapers, letters, and posters.
520 ## - SUMMARY, ETC.
Summary, etc. Written by a leading American defense analyst, Dr Norman Friedman, The Compact Guide: The Cold War is supplemented with 60 photographs and documents that allow the reader to witness the events as they unfolded.
942 ## - ADDED ENTRY ELEMENTS (KOHA)
Source of classification or shelving scheme Dewey Decimal Classification
Koha item type Books
Suppress in OPAC No
Holdings
Withdrawn status Lost status Source of classification or shelving scheme Damaged status Not for loan Collection Home library Current library Shelving location Date acquired Total Checkouts Full call number Barcode Date last seen Price effective from Koha item type
    Dewey Decimal Classification     Non-Fiction Footprints International School Library Network Toul Kork Campus Footprints International School Library Network Toul Kork Campus A TK Secondary Reference Shelves (B401) 06/04/2024   FRI 909.85 D843.F748 2024-0791 06/04/2024 06/04/2024 Books